| 000 | 00366nam a22001457a 4500 | ||
|---|---|---|---|
| 003 | Macl | ||
| 005 | 20200625150050.0 | ||
| 008 | 200625b xxu||||| |||| 00| 0 eng d | ||
| 040 | _cMacl | ||
| 100 |
_aMehta, Shashi _912067 |
||
| 245 | _aNobel Prize Winners Peace | ||
| 260 |
_aGuwahati _bBhagwati Prakashan _c2018 |
||
| 650 |
_aBiography _978769 |
||
| 942 |
_2ddc _cBK |
||
| 999 |
_c62501 _d62501 |
||